书目信息 |
| 题名: |
卡耐基眼中的世界名人
|
|
| 作者: | 卡耐基 著 ;李莉君 译 | |
| 分册: | ||
| 出版信息: | 北京 海潮出版社 2002 |
|
| 页数: | 294页 | |
| 开本: | 20cm | |
| 丛书名: | 步印励志传记系列 | |
| 单 册: | ||
| 中图分类: | K812.5 | |
| 科图分类: | ||
| 主题词: | 人物--传记--世界--现代 | |
| 电子资源: | ||
| ISBN: | 7-80151-564-1 | |
| 000 | 00701nam2 2200229 45 | |
| 001 | 012002046688 | |
| 005 | 20041202082109.0 | |
| 010 | @a7-80151-564-1@dCNY19.80 | |
| 100 | @a20020606d2002 em y0chiy0110 ea | |
| 101 | 1 | @achi@ceng |
| 102 | @aCN@b110000 | |
| 105 | @aa z 000yc | |
| 200 | 1 | @a卡耐基眼中的世界名人@Aka nai ji yan zhong de shi jie ming ren@dFive Minutes Biographies@e5分钟传记@f(美)戴尔·卡耐基著@g李莉君译 |
| 210 | @a北京@c海潮出版社@d2002 | |
| 215 | @a294页@c照片@d20cm | |
| 225 | 2 | @a步印励志传记系列@v1 |
| 606 | 0 | @a人物@x传记@y世界@z现代 |
| 690 | @aK812.5@v4 | |
| 701 | 1 | @a卡耐基@4著 |
| 702 | 0 | @a李莉君@9li li jun@4译 |
| 801 | @aCN@bTSTC@c20030415 | |
| 905 | @dK812.5@e32 | |
| 卡耐基眼中的世界名人=Five Minutes Biographies:5分钟传记/(美)戴尔·卡耐基著/李莉君译.-北京:海潮出版社,2002 |
| 294页:照片;20cm.-(步印励志传记系列;1) |
| ISBN 7-80151-564-1:CNY19.80 |
| ● |
| 相关链接 |
|
|
|
|
正题名:卡耐基眼中的世界名人
索取号:K812.5/32
 
预约/预借
| 序号 | 登录号 | 条形码 | 馆藏地/架位号 | 状态 | 备注 |
| 1 | 0322688 | 203226883 | 第二借阅区/ [索取号:K812.5/32] | 在馆 | |
| 2 | 0322689 | 203226892 | 第二借阅区/ [索取号:K812.5/32] | 在馆 | |
| 3 | 0322690 | 203226909 | 第二借阅区/ [索取号:K812.5/32] | 在馆 | |
| 4 | 0322691 | 203226918 | 第二借阅区/ [索取号:K812.5/32] | 在馆 | |
| 5 | 0322692 | 203226927 | 第二样本阅览室/ [索取号:K812.5/32] | 在馆 |